HALALAN-TOYYIBAN ASSURANCE PIPELINE. (Record no. 2650)
[ view plain ]
| 000 -LEADER | |
|---|---|
| fixed length control field | nam a22 a 4500 |
| 003 - CONTROL NUMBER IDENTIFIER | |
| control field | AKMAL |
| 005 - DATE AND TIME OF LATEST TRANSACTION | |
| control field | 20170517144708.0 |
| 008 - FIXED-LENGTH DATA ELEMENTS--GENERAL INFORMATION | |
| fixed length control field | 170517t20102010my a e u f000 0 eng d |
| 020 ## - INTERNATIONAL STANDARD BOOK NUMBER | |
| Qualifying information | paperback |
| 039 #9 - LEVEL OF BIBLIOGRAPHIC CONTROL AND CODING DETAIL [OBSOLETE] | |
| Level of rules in bibliographic description | 201605061105 |
| Level of effort used to assign nonsubject heading access points | VLOAD |
| Level of effort used to assign subject headings | 201604260938 |
| Level of effort used to assign classification | VLOAD |
| Level of effort used to assign subject headings | 201502181209 |
| Level of effort used to assign classification | norizan |
| Level of effort used to assign subject headings | 201502180854 |
| Level of effort used to assign classification | norizan |
| 040 ## - CATALOGING SOURCE | |
| Original cataloging agency | AKMAL |
| 082 04 - DEWEY DECIMAL CLASSIFICATION NUMBER | |
| Classification number | 664.00882971 DSM |
| Edition number | 22 |
| 090 00 - LOCALLY ASSIGNED LC-TYPE CALL NUMBER (OCLC); LOCAL CALL NUMBER (RLIN) | |
| Classification number (OCLC) (R) ; Classification number, CALL (RLIN) (NR) | 664.00882971 |
| Local cutter number (OCLC) ; Book number/undivided call number, CALL (RLIN) | DSM |
| 110 1# - MAIN ENTRY--CORPORATE NAME | |
| Corporate name or jurisdiction name as entry element | Malaysia. |
| Subordinate unit | Jabatan Standard, |
| Relator term | issuing body. |
| 9 (RLIN) | 5551 |
| 245 10 - TITLE STATEMENT | |
| Title | HALALAN-TOYYIBAN ASSURANCE PIPELINE. |
| Number of part/section of a work | PART 2, |
| Name of part/section of a work | MANAGEMENT SYSTEM REQUIREMENTS FOR WAREHOUSING AND RELATED ACTIVITIES |
| Statement of responsibility, etc. | DEPARTMENT OF STANDARDS MALAYSIA |
| 264 #1 - PRODUCTION, PUBLICATION, DISTRIBUTION, MANUFACTURE, AND COPYRIGHT NOTICE | |
| Place of production, publication, distribution, manufacture | Cyberjaya : |
| Name of producer, publisher, distributor, manufacturer | Department of Standards Malaysia, |
| Date of production, publication, distribution, manufacture, or copyright notice | [2010] |
| 264 #4 - PRODUCTION, PUBLICATION, DISTRIBUTION, MANUFACTURE, AND COPYRIGHT NOTICE | |
| Date of production, publication, distribution, manufacture, or copyright notice | ©2010 |
| 300 ## - PHYSICAL DESCRIPTION | |
| Extent | v, 34 pages : |
| Other physical details | illustrations ; |
| Dimensions | 30 cm. |
| 490 1# - SERIES STATEMENT | |
| Series statement | MALAYSIAN STANDARD |
| 500 ## - GENERAL NOTE | |
| General note | Cover title |
| 504 ## - BIBLIOGRAPHY, ETC. NOTE | |
| Bibliography, etc. note | Bibliography: page 34 |
| 599 ## - LOCAL NOTE | |
| Local Note | DALAM PROSES |
| 650 10 - SUBJECT ADDED ENTRY--TOPICAL TERM | |
| Topical term or geographic name entry element | Halal food industry |
| General subdivision | Standards |
| Geographic subdivision | Malaysia |
| 9 (RLIN) | 5540 |
| 650 20 - SUBJECT ADDED ENTRY--TOPICAL TERM | |
| Topical term or geographic name entry element | Food industry and trade |
| General subdivision | Standards |
| Geographic subdivision | Malaysia |
| 9 (RLIN) | 5541 |
| 650 20 - SUBJECT ADDED ENTRY--TOPICAL TERM | |
| Topical term or geographic name entry element | Muslims |
| General subdivision | Dietary laws |
| 9 (RLIN) | 5542 |
| 830 #0 - SERIES ADDED ENTRY--UNIFORM TITLE | |
| Uniform title | Malaysian standard. |
| Number of part/section of a work | MS 2400-1:2010 |
| 9 (RLIN) | 5543 |
| 942 ## - ADDED ENTRY ELEMENTS (KOHA) | |
| Source of classification or shelving scheme | |
| Koha item type | Book |
No items available.
